[Event "Cap d'Agde"]
[Site "Cap d'Agde"]
[Date "1994.??.??"]
[Round "6.1"]
[White "Xu Jun"]
[Black "Hamdouchi, Hichem"]
[Result "0-1"]
[WhiteElo "2560"]
[BlackElo "2530"]
[PlyCount "78"]
[EventDate "1994.10.??"]
[Source "ChessBase"]

1. e4 e6 2. d4 d5 3. Nd2 Nc6 4. c3 e5 5. dxe5 dxe4 6. Qe2 Qd5 7. Qxe4 Qxe5 8. Ngf3 Qxe4+ 9. Nxe4 Bf5 10. Ng3 Bg4 11. Bb5 Bxf3 12. gxf3 Nge7 13. Bg5 f6 14. Be3 O-O-O 15. Ke2 a6 16. Ba4 Nd5 17. Rad1 Nxe3 18. fxe3 b5 19. Bb3 Bc5 20. Nh5 Rhe8 21. e4 Re7 22. Nf4 Rde8 23. Nd5 Re5 24. h4 Na5 25. Bc2 c6 26. Nf4 Bb6 27. b3 Nb7 28. Nd3 R5e7 29. Nb4 a5 30. Nd3 f5 31. e5 f4 32. Nxf4 Rxe5+ 33. Be4 Nc5 34. Nd3 Nxe4 35. Nxe5 Nxc3+ 36. Kd2 Nxd1 37. Nf7 Re7 38. Nd6+ Kc7 39. Ne4 Nf2 0-1

[Event "HUN-chT 0102"]
[Site "?"]
[Date "2001.09.30"]
[Round "1"]
[White "Nevednichy Vladislav"]
[Black "Czebe Attila"]
[Result "0-1"]
[WhiteElo "2588"]
[BlackElo "2479"]
[PlyCount "110"]
[EventDate "2001.??.??"]
[Source "www.chesslib.no"]
[SourceDate "2004.05.04"]

1. e4 e6 2. d4 d5 3. Nd2 Nc6 4. Ngf3 g6 5. e5 Bg7 6. Nb3 f6 7. Bb5 Nge7 8. O-O O-O 9. exf6 Bxf6 10. Bh6 Re8 11. Re1 a6 12. Bxc6 Nxc6 13. Bf4 Rf8 14. Qd2 Bg7 15. Re2 b6 16. Rae1 a5 17. c3 a4 18. Nc1 Na5 19. Nd3 Nc4 20. Qc1 Nd6 21. Ng5 Ne4 22. Nxe4 dxe4 23. Rxe4 Qd5 24. Bxc7 Qc4 25. Bd6 Qxd3 26. Bxf8 Bxf8 27. a3 Bd7 28. Qf4 Qb5 29. R1e2 Rc8 30. h4 Qf5 31. Qe3 Bd6 32. Rxe6 Bxe6 33. Qxe6+ Qxe6 34. Rxe6 Rd8 35. Kf1 Kf7 36. Re4 Re8 37. Rxe8 Kxe8 38. Ke2 Kd7 39. Kd3 b5 40. c4 bxc4+ 41. Kxc4 Kc6 42. d5+ Kb6 43. h5 g5 44. f3 h6 45. b3 axb3 46. Kxb3 Kc5 47. a4 Bc7 48. Kc3 Kxd5 49. Kd3 Ke5 50. g3 Kf5 51. f4 g4 52. Ke2 Ke4 53. Kf2 Ba5 54. Kf1 Kf3 55. f5 Bc3 0-1

[Event "It (Open) INT"]
[Site "?"]
[Date "2006.05.06"]
[Round "?"]
[White "Yakubov Timur"]
[Black "Ponkratov Pavel"]
[Result "0-1"]
[WhiteElo "2610"]
[BlackElo "2406"]
[PlyCount "78"]
[EventDate "2006.??.??"]
[Source "www.chesslib.no"]
[SourceDate "2004.05.04"]

1. e4 e6 2. d4 d5 3. Nd2 Nc6 4. Ngf3 Nh6 5. e5 f6 6. Nb3 Nf7 7. Bb5 fxe5 8. dxe5 Be7 9. Nbd4 Bd7 10. Nxc6 bxc6 11. Bd3 O-O 12. O-O c5 13. c3 c4 14. Bc2 c5 15. Qe2 g6 16. Rd1 Qc7 17. Bf4 a5 18. Qd2 a4 19. Bh6 Rfb8 20. Rab1 Rb7 21. h4 Rab8 22. Qc1 Nxe5 23. Nxe5 Qxe5 24. Bf4 Qf6 25. Bxb8 Rxb8 26. g3 Rf8 27. Qe3 Bd6 28. b3 cxb3 29. axb3 a3 30. Ra1 Be5 31. Rxa3 Bxc3 32. Rf1 Bd4 33. Qe2 e5 34. Kg2 Qe6 35. g4 e4 36. Ra7 Rf4 37. Rxd7 Qxd7 38. f3 exf3+ 39. Rxf3 Qxg4+ 0-1

[Event "Montecatini Terme op"]
[Site "Montecatini Terme"]
[Date "2000.??.??"]
[Round "3"]
[White "Palac, Mladen"]
[Black "Naumkin, Igor"]
[Result "1-0"]
[WhiteElo "2573"]
[BlackElo "2440"]
[PlyCount "67"]
[EventDate "2000.07.??"]
[Source "www.chesslib.no"]
[SourceDate "2004.05.04"]

1. e4 e6 2. d4 d5 3. Nd2 Nc6 4. Bb5 Nf6 5. e5 Nd7 6. c3 Nb6 7. f4 Bd7 8. Bd3 Na5 9. Ne2 g6 10. Nf3 a6 11. a4 h5 12. b3 Nc6 13. Be3 Ne7 14. Bf2 Nf5 15. O-O Be7 16. g3 Rc8 17. a5 Na8 18. c4 Bc6 19. c5 Bb5 20. Bxb5+ axb5 21. a6 bxa6 22. Rxa6 c6 23. Qd2 Kd7 24. Rfa1 Nc7 25. Ra7 Rb8 26. Nc1 Qc8 27. Nd3 Rb7 28. R1a5 Qb8 29. Qa2 Rxa7 30. Rxa7 Bd8 31. Qa5 Ne7 32. Qb6 Kc8 33. Ng5 Rf8 34. Nb4 1-0

[Event "Bor"]
[Site "?"]
[Date "1986.??.??"]
[Round "?"]
[White "Watson, W."]
[Black "Rogers, I."]
[Result "1-0"]
[WhiteElo "2495"]
[BlackElo "2515"]
[PlyCount "111"]
[EventDate "1986.??.??"]
[Source "ChessBase"]
[SourceDate "1986.07.01"]

1. e4 e6 2. d4 d5 3. Nd2 Nc6 4. c3 Nf6 5. e5 Nd7 6. Bd3 f5 7. g4 Ndxe5 8. dxe5 Nxe5 9. Be2 fxg4 10. Nb3 Bd6 11. Bf4 O-O 12. Bxe5 Bxe5 13. Bxg4 Rf4 14. Nd2 Qh4 15. Bf3 Bd6 16. Qb3 a5 17. O-O-O a4 18. Qc2 a3 19. b3 Qf6 20. Qd3 b6 21. Re1 c6 22. Nh3 Rh4 23. Bg2 Ra5 24. Qf3 Bf4 25. b4 Ra4 26. Nxf4 Rxf4 27. Qd3 Kh8 28. Bh3 h6 29. Rhg1 Ba6 30. Qc2 Bc8 31. Rg6 Qf7 32. Bxe6 Bxe6 33. Rgxe6 Ra8 34. Re7 Qg8 35. Rg1 g5 36. Rge1 Raf8 37. f3 R4f6 38. Qd3 c5 39. Rc7 R8f7 40. Ree7 Rxe7 41. Rxe7 Re6 42. Rd7 d4 43. c4 Re5 44. Rd6 Re6 45. Rxe6 Qxe6 46. bxc5 Qe1+ 47. Kc2 bxc5 48. Qxa3 Qe5 49. Qa8+ Kg7 50. Qb7+ Kh8 51. Qc8+ Kg7 52. Qd7+ Kh8 53. h3 Qe3 54. Qc8+ Kg7 55. Qb7+ Kh8 56. Qb3 1-0

[Event "Solin"]
[Site "Solingen GER"]
[Date "1993.??.??"]
[Round "?"]
[White "Sermek, Drazen"]
[Black "Kovacevic, Vlatko"]
[Result "1/2-1/2"]
[WhiteElo "2495"]
[BlackElo "2485"]
[PlyCount "49"]
[EventDate "1993.??.??"]
[Source "www.chesslib.no"]
[SourceDate "2004.05.04"]

1. e4 e6 2. d4 d5 3. Nd2 Nc6 4. c3 dxe4 5. Nxe4 Qd5 6. Bd3 e5 7. Qe2 Be6 8. Nf3 exd4 9. O-O O-O-O 10. Nxd4 Nxd4 11. cxd4 Qxd4 12. Bg5 Nf6 13. Rfd1 Bg4 14. Qc2 Bxd1 15. Rxd1 Nxe4 16. Bxd8 Qxd8 17. Bxe4 Bd6 18. g3 Qf6 19. Rd3 Be5 20. Rf3 Qd6 21. Qb3 b6 22. Rd3 Bd4 23. Qa4 Rd8 24. b4 Qe5 25. Qc6 1/2-1/2

[Event "Arnold Cup"]
[Site "Gausdal NOR"]
[Date "1991.??.??"]
[Round "7"]
[White "Jansa, Vlastimil"]
[Black "Karlsson, Lars C-G"]
[Result "1-0"]
[WhiteElo "2495"]
[BlackElo "2485"]
[PlyCount "93"]
[EventDate "1991.04.??"]
[Source "www.chesslib.no"]
[SourceDate "2004.05.04"]

1. e4 e6 2. d4 d5 3. Nd2 Nc6 4. c3 Nge7 5. Ngf3 g6 6. Bd3 Bg7 7. O-O O-O 8. Re1 a5 9. e5 b6 10. Nf1 Ba6 11. Bc2 Nb8 12. h4 c5 13. N1h2 Nd7 14. h5 Rc8 15. Bg5 Re8 16. Ng4 Qc7 17. Rc1 Nf5 18. Qd2 Kh8 19. g3 gxh5 20. Nf6 Bxf6 21. exf6 Rg8 22. Kg2 Nd6 23. Bf4 Nxf6 24. Be5 Qe7 25. Qh6 Rg6 26. Bxg6 fxg6 27. Ng5 Nde8 28. Nxh7 Qxh7 29. Qf8+ Qg8 30. Bxf6+ Nxf6 31. Qxf6+ Kh7 32. Rxe6 Rf8 33. Re7+ Kh6 34. Qe6 Qxe6 35. Rxe6 Bd3 36. Rxb6 Be4+ 37. Kg1 Rc8 38. dxc5 Rxc5 39. Re1 Kg5 40. f4+ Kg4 41. Kf2 h4 42. gxh4 Kxf4 43. Rf6+ Bf5 44. Rd1 Rb5 45. Rd2 Kg4 46. Rd4+ Be4 47. Rxg6+ 1-0

[Event "Cap d'Agde FRA"]
[Site "?"]
[Date "2002.10.25"]
[Round "3"]
[White "Palac Mladen"]
[Black "Vaisman Volodia"]
[Result "1-0"]
[WhiteElo "2568"]
[BlackElo "2381"]
[PlyCount "61"]
[EventDate "2002.??.??"]
[Source "www.chesslib.no"]
[SourceDate "2004.05.04"]

1. e4 e6 2. d4 d5 3. Nd2 Nc6 4. Ngf3 g6 5. Bd3 Bg7 6. c3 Nge7 7. O-O O-O 8. Re1 b6 9. e5 a5 10. Nf1 Ba6 11. Bc2 Bxf1 12. Kxf1 Nb8 13. h4 c5 14. h5 Nec6 15. hxg6 fxg6 16. Ng5 Qd7 17. Qg4 cxd4 18. Nxh7 Nxe5 19. Rxe5 Bxe5 20. Qxg6+ Bg7 21. Nxf8 Kxf8 22. Bh6 Bxh6 23. Qxh6+ Ke7 24. cxd4 Qb5+ 25. Kg1 Nc6 26. Re1 Nd8 27. Bf5 Qc6 28. Qg7+ Kd6 29. Qf8+ Kc7 30. Bxe6 Nxe6 31. Qe7+ 1-0

[Event "Budapest-Paris"]
[Site "?"]
[Date "1995.??.??"]
[Round "?"]
[White "Feher, Gy"]
[Black "Bricard, E."]
[Result "1-0"]
[WhiteElo "2420"]
[BlackElo "2500"]
[PlyCount "55"]
[EventDate "1995.??.??"]
[Source "ChessBase"]
[SourceDate "1995.02.01"]

1. e4 e6 2. d4 d5 3. Nd2 Nc6 4. c3 e5 5. exd5 Qxd5 6. Ngf3 exd4 7. Bc4 Qh5 8. cxd4 Be6 9. Bxe6 fxe6 10. Qb3 O-O-O 11. Qxe6+ Kb8 12. O-O Bd6 13. Nb3 Rf8 14. h3 Nh6 15. Bxh6 gxh6 16. Rae1 Rhg8 17. Re3 Bf4 18. Nc5 Nd8 19. Na6+ bxa6 20. Rb3+ Nb7 21. Ne5 Qe8 22. Qxa6 Kc8 23. Qxb7+ Kd8 24. Qb8+ Ke7 25. Qxc7+ Kf6 26. Rc3 Bxe5 27. dxe5+ Kg5 28. Qxa7 1-0

[Event "Sveti Sava"]
[Site "Sveti Sava"]
[Date "1994.??.??"]
[Round "?"]
[White "Ciric, Dragoljub M"]
[Black "Drasko, Milan"]
[Result "0-1"]
[WhiteElo "2365"]
[BlackElo "2545"]
[PlyCount "67"]
[EventDate "1994.??.??"]
[Source "www.chesslib.no"]
[SourceDate "2004.05.04"]

1. e4 e6 2. d4 d5 3. Nd2 Nc6 4. c3 e5 5. dxe5 dxe4 6. Qa4 e3 7. fxe3 Nge7 8. Ngf3 Ng6 9. Qe4 Be7 10. Bc4 O-O 11. O-O Na5 12. Bd3 Be6 13. Nd4 Bd5 14. Qf5 c5 15. N4f3 Nc6 16. Be4 Be6 17. Qh5 Qd7 18. h3 Rad8 19. b3 Qc7 20. Bb2 Ncxe5 21. c4 Nd3 22. Bxd3 Rxd3 23. Rae1 f5 24. Nb1 Qg3 25. Nc3 Nh4 26. Nxh4 Bxh4 27. Ne2 Qxe3+ 28. Kh1 Bxe1 29. Nf4 Bc3 30. Nxd3 Qxd3 31. Rd1 Qe3 32. Bxc3 Qxc3 33. Qe2 Bf7 34. Qf2 0-1

[Event "Makarska"]
[Site "?"]
[Date "1995.??.??"]
[Round "4"]
[White "Sermek Drazen"]
[Black "Arapovic Vitomir"]
[Result "1-0"]
[WhiteElo "2515"]
[BlackElo "2380"]
[PlyCount "85"]
[EventDate "1995.??.??"]
[Source "www.chesslib.no"]
[SourceDate "2004.05.04"]

1. e4 e6 2. d4 d5 3. Nd2 Nc6 4. c3 g6 5. Ngf3 Nh6 6. Bd3 Bg7 7. O-O O-O 8. Re1 f6 9. b4 Nf7 10. b5 Ne7 11. c4 c6 12. a4 Re8 13. Ba3 dxc4 14. Bxc4 g5 15. h3 Ng6 16. Qb3 Kh8 17. Rad1 Bd7 18. g3 Nh6 19. Kg2 Nf7 20. Rh1 Qc7 21. h4 g4 22. Ng1 h5 23. Ne2 Rad8 24. Bd3 Bc8 25. Rhf1 f5 26. Bb1 cxb5 27. axb5 b6 28. Kg1 Nh6 29. Rc1 Qf7 30. e5 Bb7 31. Bd6 Rc8 32. Ba2 Bd5 33. Qa3 f4 34. Nc3 Nf5 35. Nxd5 exd5 36. Qd3 Bh6 37. Rxc8 Rxc8 38. Bxd5 Qxd5 39. Qxf5 Rg8 40. Qxh5 Kh7 41. Qf5 fxg3 42. Ne4 gxf2+ 43. Rxf2 1-0

[Event "Montpellier op 7th"]
[Site "Montpellier"]
[Date "2000.07.??"]
[Round "9"]
[White "Sarthou, Gaetan"]
[Black "Drasko, Milan"]
[Result "0-1"]
[WhiteElo "2399"]
[BlackElo "2485"]
[PlyCount "98"]
[EventDate "2000.07.05"]
[Source "www.chesslib.no"]
[SourceDate "2004.05.04"]

1. e4 e6 2. d4 d5 3. Nd2 Nc6 4. c3 e5 5. dxe5 dxe4 6. Qe2 Nxe5 7. Nxe4 Qe7 8. Be3 Bf5 9. Nc5 O-O-O 10. Qb5 c6 11. Qa4 b6 12. Ba6+ Kb8 13. Qf4 g6 14. Nf3 f6 15. Nb3 Bh6 16. Nxe5 Qxe5 17. Qxe5+ fxe5 18. Bxh6 Nxh6 19. Be2 Be4 20. O-O Nf5 21. Rfe1 Rhe8 22. Rac1 Bd5 23. Rcd1 Kc7 24. Bd3 e4 25. Bc2 a5 26. a3 e3 27. f3 Nd6 28. Nc1 Nc4 29. Nd3 Nd2 30. Ne5 Bb3 31. Bxb3 Rxe5 32. Ba2 a4 33. Rc1 g5 34. Re2 Rd7 35. Rce1 Rde7 36. Bb1 Kd6 37. Rd1 Kc5 38. Bc2 b5 39. Rde1 Kd6 40. Bd3 h6 41. c4 bxc4 42. Bc2 h5 43. Bxa4 g4 44. f4 Re4 45. f5 c3 46. f6 R7e6 47. Bc2 cxb2 48. Bxe4 Rxe4 49. f7 Ke7 0-1

[Event "Viking"]
[Site "Oslo Viking"]
[Date "1980.??.??"]
[Round "?"]
[White "Schneider, Lars-Ake"]
[Black "Karlsson, Lars C-G"]
[Result "1/2-1/2"]
[WhiteElo "2450"]
[BlackElo "2405"]
[PlyCount "66"]
[EventDate "1980.??.??"]
[Source "www.chesslib.no"]
[SourceDate "2004.05.04"]

1. e4 e6 2. d4 d5 3. Nd2 Nc6 4. c3 e5 5. exd5 Qxd5 6. Ngf3 Bg4 7. Bc4 Bxf3 8. Qb3 O-O-O 9. Bxd5 Bxd5 10. Qd1 exd4 11. O-O Nf6 12. Qa4 Nd7 13. cxd4 Nb6 14. Qd1 Nxd4 15. Nb3 Ne6 16. Qc2 g5 17. Be3 Kb8 18. Rfd1 c6 19. a4 Nc4 20. Bd4 Rg8 21. Bf6 Re8 22. Nd2 Nxd2 23. Qxd2 Bd6 24. Re1 h5 25. Be5 Bxe5 26. Rxe5 Rd8 27. Qb4 Nf4 28. Rd1 Bxg2 29. Rxd8+ Rxd8 30. Qe7 Kc8 31. h4 gxh4 32. Qxd8+ Kxd8 33. Rf5 Bd5 1/2-1/2

[Event "Pula PCA Open"]
[Site "Pula CRO"]
[Date "1994.??.??"]
[Round "?"]
[White "Frolov, Artur"]
[Black "Vojko, Zorman"]
[Result "1-0"]
[WhiteElo "2525"]
[BlackElo "2325"]
[PlyCount "71"]
[EventDate "1994.10.??"]
[Source "www.chesslib.no"]
[SourceDate "2004.05.04"]

1. e4 e6 2. d4 d5 3. Nd2 Nc6 4. Ngf3 g6 5. Bb5 Nge7 6. O-O Bg7 7. Re1 O-O 8. e5 Nf5 9. Bxc6 bxc6 10. Nb3 h6 11. h3 g5 12. Nc5 Ne7 13. h4 gxh4 14. Nxh4 Ng6 15. Nxg6 fxg6 16. Qg4 Qe8 17. a4 Rf5 18. Ra3 g5 19. Rh3 Qf7 20. f4 gxf4 21. Rf1 h5 22. Qh4 Bh6 23. Rhf3 Bg5 24. Qh3 Be7 25. Rxf4 Bxc5 26. dxc5 Bd7 27. R1f3 Kh7 28. Rh4 Be8 29. Bf4 Rb8 30. g4 Qg7 31. Kh1 Rf8 32. gxh5 Rxb2 33. Rg4 Qe7 34. Rg6 Rg8 35. Rh6+ Kg7 36. Qg4+ 1-0

[Event "Beersheba zt"]
[Site "Beer Sheba ISR"]
[Date "1985.??.??"]
[Round "3"]
[White "Lau, Ralf"]
[Black "Hug, Werner"]
[Result "1/2-1/2"]
[WhiteElo "2410"]
[BlackElo "2440"]
[PlyCount "26"]
[EventDate "1985.??.??"]
[Source "www.chesslib.no"]
[SourceDate "2004.05.04"]

1. e4 e6 2. d4 d5 3. Nd2 Nc6 4. c3 e5 5. dxe5 dxe4 6. Qa4 e3 7. fxe3 Bc5 8. Nb3 Bb6 9. Nf3 Nge7 10. Nbd4 O-O 11. Qc2 Qe8 12. Bc4 Ng6 13. e6 fxe6 1/2-1/2

[Event "Buenos Aires JM ITT1"]
[Site "Buenos Aires ARG"]
[Date "1995.??.??"]
[Round "?"]
[White "Garbarino, Rodolfo"]
[Black "Tempone, Marcelo J"]
[Result "1/2-1/2"]
[WhiteElo "2420"]
[BlackElo "2415"]
[PlyCount "198"]
[EventDate "1995.01.??"]
[Source "www.chesslib.no"]
[SourceDate "2004.05.04"]

1. e4 e6 2. d4 d5 3. Nd2 Nc6 4. c3 e5 5. exd5 Qxd5 6. Ngf3 exd4 7. Bc4 Qh5 8. cxd4 Nf6 9. O-O Be7 10. Be2 Qd5 11. Nc4 O-O 12. Bf4 Qd8 13. Rc1 Nb4 14. a3 Nbd5 15. Be5 c6 16. h3 Nb6 17. Re1 Be6 18. Na5 Qd7 19. Bd3 Nfd5 20. Bg3 Rad8 21. Ne5 Qc8 22. Qe2 Nf6 23. Red1 Rfe8 24. b4 g6 25. Bb1 Bd5 26. Bh2 Nh5 27. Qd2 Nd7 28. Ba2 Nxe5 29. Bxe5 Nf6 30. Re1 Bxa2 31. Qxa2 Qd7 32. Re2 Nd5 33. Qb2 Bf8 34. Rce1 b6 35. Nb3 Re6 36. Nd2 f6 37. Bg3 Rxe2 38. Rxe2 Ne7 39. Nf3 Nf5 40. Qb3+ Kg7 41. Re6 Qf7 42. Kh2 Rxd4 43. Qc3 Qxe6 44. Nxd4 Nxd4 45. Qxd4 Qd5 46. Qf4 c5 47. bxc5 bxc5 48. Qc7+ Qf7 49. Qc6 c4 50. a4 Bb4 51. Bd6 Bd2 52. Qc5 g5 53. a5 c3 54. a6 Kg6 55. g4 Qe6 56. Bb8 Qxa6 57. Qe7 Qc6 58. Qd8 Qe6 59. Bxa7 Bf4+ 60. Kg1 Qe1+ 61. Kg2 Qe4+ 62. f3 Qc4 63. Qe8+ Kg7 64. Bd4 Be5 65. Bxe5 Qe2+ 66. Kg1 Qxe5 67. Qd7+ Kh6 68. Qc6 Qg3+ 69. Kf1 Qxh3+ 70. Ke2 Qh2+ 71. Kd3 Qd2+ 72. Kc4 Qf4+ 73. Kd3 Qe5 74. Qb7 Kg6 75. Qa8 Qc5 76. Qg8+ Kh6 77. Qf7 Qd6+ 78. Kxc3 Qa3+ 79. Kd4 Qb4+ 80. Ke3 Qe1+ 81. Kd3 Qb1+ 82. Ke2 Qc2+ 83. Kf1 Qg6 84. Qf8+ Qg7 85. Qe8 Qb7 86. Qf8+ Kg6 87. Kg2 Qb2+ 88. Kh3 Qb3 89. Kg2 Qe6 90. Kg3 h5 91. gxh5+ Kxh5 92. Qg7 Qe5+ 93. Kg2 Qe2+ 94. Kg3 Qe1+ 95. Kg2 Qe2+ 96. Kg3 Qe5+ 97. Kg2 Qf5 98. Qh8+ Kg6 99. Qg8+ Kh6 1/2-1/2

[Event "Dresden (23.02.-01.03)"]
[Site "?"]
[Date "2003.??.??"]
[Round "?"]
[White "Vasiukov Evgeni"]
[Black "Johannessen Svein"]
[Result "1-0"]
[WhiteElo "2542"]
[BlackElo "2288"]
[PlyCount "73"]
[EventDate "2003.??.??"]
[Source "www.chesslib.no"]
[SourceDate "2004.05.04"]

1. e4 e6 2. d4 d5 3. Nd2 Nc6 4. Ngf3 g6 5. c3 Bg7 6. Bb5 Nge7 7. O-O O-O 8. Re1 Nb8 9. e5 b6 10. Nf1 Ba6 11. Ba4 Bxf1 12. Kxf1 c5 13. g3 Qc7 14. Kg2 Nbc6 15. Bf4 Qb7 16. h4 h5 17. Bc2 cxd4 18. cxd4 Rfc8 19. Qd2 Na5 20. b3 Rc7 21. Bd3 Nac6 22. Rac1 Rac8 23. b4 Nb8 24. Rxc7 Qxc7 25. Bg5 Bf8 26. b5 Qc3 27. Qe2 Qa3 28. Rb1 Qc3 29. Rc1 Qxc1 30. Bxc1 Rxc1 31. Bc2 Ra1 32. a4 Ra3 33. Qd2 a6 34. Qf4 axb5 35. Ng5 Nf5 36. Bxf5 gxf5 37. Qc1 1-0

[Event "Beersheba zt"]
[Site "Beer Sheba ISR"]
[Date "1985.??.??"]
[Round "11"]
[White "Wittmann, Walter"]
[Black "Hug, Werner"]
[Result "1/2-1/2"]
[WhiteElo "2385"]
[BlackElo "2440"]
[PlyCount "20"]
[EventDate "1985.??.??"]
[Source "www.chesslib.no"]
[SourceDate "2004.05.04"]

1. e4 e6 2. d4 d5 3. Nd2 Nc6 4. c3 e5 5. dxe5 dxe4 6. Qe2 Nxe5 7. Nxe4 Qe7 8. Bf4 Bd7 9. O-O-O O-O-O 10. Nf3 Ng6 1/2-1/2

[Event "Bodensee-Cup 6th"]
[Site "Bodensee"]
[Date "2000.??.??"]
[Round "?"]
[White "Mueller, Ralf"]
[Black "Hecht, Hans Joachim"]
[Result "0-1"]
[WhiteElo "2390"]
[BlackElo "2423"]
[PlyCount "80"]
[EventDate "2000.05.??"]
[Source "www.chesslib.no"]
[SourceDate "2004.05.04"]

1. e4 e6 2. d4 d5 3. Nd2 Nc6 4. c3 e5 5. exd5 Qxd5 6. Ngf3 exd4 7. Bc4 Qf5 8. O-O Be6 9. Nxd4 Nxd4 10. cxd4 O-O-O 11. Qa4 Kb8 12. Bxe6 Qxe6 13. Nc4 Ne7 14. Be3 Nd5 15. Rfe1 Bd6 16. Bf4 Qd7 17. Qxd7 Rxd7 18. Bxd6 cxd6 19. Ne3 Nxe3 20. fxe3 Rc8 21. Rac1 Rxc1 22. Rxc1 Rc7 23. Rc3 Rxc3 24. bxc3 Kc7 25. Kf2 Kc6 26. Ke2 f5 27. g4 fxg4 28. e4 h5 29. Kf2 h4 30. Kg2 b5 31. a3 Kc7 32. Kf2 Kd7 33. Ke3 g5 34. Kf2 Kc7 35. Kg2 Kc6 36. Kf2 a5 37. Kg2 b4 38. cxb4 axb4 39. axb4 Kb5 40. d5 Kc4 0-1

[Event "Ostende Team Ch EWG"]
[Site "Ostende"]
[Date "1975.09.21"]
[Round "4.1"]
[White "Botterill, George S"]
[Black "Seret, Jean-Luc"]
[Result "1-0"]
[WhiteElo "2400"]
[BlackElo "2410"]
[PlyCount "39"]
[EventDate "1975.??.??"]
[Source "www.chesslib.no"]
[SourceDate "2004.05.04"]

1. e4 e6 2. d4 d5 3. Nd2 Nc6 4. Ngf3 g6 5. e5 Bg7 6. c3 f6 7. Bb5 Bd7 8. Qe2 f5 9. Nb3 b6 10. h4 Nb8 11. Bd3 Nh6 12. Bg5 Qc8 13. h5 Nf7 14. Be3 Qd8 15. hxg6 hxg6 16. Rxh8+ Bxh8 17. O-O-O Qe7 18. Rh1 Nc6 19. Nh4 Nfxe5 20. dxe5 1-0

[Event "Kolhapur"]
[Site "Kolhapur"]
[Date "1987.??.??"]
[Round "?"]
[White "Thipsay, Praveen Mahadeo"]
[Black "Prasad, Devaki V"]
[Result "0-1"]
[WhiteElo "2380"]
[BlackElo "2425"]
[PlyCount "56"]
[EventDate "1987.??.??"]
[Source "www.chesslib.no"]
[SourceDate "2004.05.04"]

1. e4 e6 2. d4 d5 3. Nd2 Nc6 4. c3 dxe4 5. Nxe4 Qd5 6. Nd2 e5 7. Ngf3 exd4 8. Bc4 Qf5 9. Nxd4 Nxd4 10. cxd4 Be6 11. Qa4+ Bd7 12. Qb3 O-O-O 13. O-O Bd6 14. Nf3 f6 15. g3 Ne7 16. d5 h5 17. Nd4 Qh3 18. Nc6 Rde8 19. Nxa7+ Kd8 20. Rd1 h4 21. Bf1 Qf5 22. Bf4 hxg3 23. Bxg3 Rxh2 24. Bg2 Rxg2+ 25. Kxg2 Qe4+ 26. f3 Qe2+ 27. Bf2 Bh3+ 28. Kg1 Bh2+ 0-1

[Event "SSKK"]
[Site "?"]
[Date "1997.04.15"]
[Round "?"]
[White "Rissanen Heikki (FIN)"]
[Black "Larsen Ole Schoeller (DEN)"]
[Result "1-0"]
[WhiteElo "2380"]
[BlackElo "2395"]
[PlyCount "41"]
[EventDate "1997.??.??"]
[Source "www.chesslib.no"]
[SourceDate "2004.05.04"]

1. e4 e6 2. d4 d5 3. Nd2 Nc6 4. Ngf3 f6 5. Bb5 Bd7 6. O-O a6 7. Ba4 Be7 8. Re1 Nh6 9. Bb3 Bc8 10. exd5 exd5 11. Nb1 Na5 12. Bxh6 gxh6 13. Nh4 O-O 14. Bxd5+ Qxd5 15. Rxe7 Nc6 16. Nc3 Qd8 17. Re3 f5 18. Rg3+ Kh8 19. Qh5 Rg8 20. Re1 Bd7 21. Qxh6 1-0

[Event "Wch U20"]
[Site "Athens GRE"]
[Date "1971.??.??"]
[Round "?"]
[White "Rogoff, Kenneth S"]
[Black "Borngaesser, Rene"]
[Result "1-0"]
[WhiteElo "2410"]
[BlackElo "2340"]
[PlyCount "101"]
[EventDate "1971.07.??"]
[Source "www.chesslib.no"]
[SourceDate "2004.05.04"]

1. e4 e6 2. d4 d5 3. Nd2 Nc6 4. Ngf3 g6 5. c3 Bg7 6. Bd3 Nf6 7. O-O O-O 8. e5 Nd7 9. Qe2 f6 10. exf6 Qxf6 11. Bb5 e5 12. Bxc6 bxc6 13. Nxe5 Nxe5 14. dxe5 Qxe5 15. Qxe5 Bxe5 16. Nb3 a5 17. Re1 a4 18. Nd4 Bxd4 19. cxd4 Ba6 20. Bd2 Rfe8 21. f3 Bc4 22. a3 Rxe1+ 23. Rxe1 Kf7 24. Kf2 Re8 25. Ba5 Rxe1 26. Kxe1 Ke6 27. Bxc7 h5 28. g4 Kf6 29. Kf2 hxg4 30. fxg4 Bb3 31. Bd8+ Ke6 32. Ke3 Bc4 33. Kf4 Be2 34. Kg5 Kf7 35. h4 Bd1 36. h5 gxh5 37. Kxh5 Bc2 38. Kg5 Bd1 39. Ba5 Bb3 40. Bd2 Bc2 41. Bc1 Bd1 42. Kf5 Bc2+ 43. Ke5 Bd3 44. g5 Bc4 45. Kd6 Bb3 46. Kxc6 Ke6 47. Kc7 Ke7 48. Bd2 Kf7 49. Kd6 Kg7 50. Ke7 Kg8 51. Kf6 1-0

[Event "Wichern Open"]
[Site "Hamburg GER"]
[Date "1993.??.??"]
[Round "3"]
[White "Wahls, Matthias"]
[Black "Sawadkuhi, Massoud Amir"]
[Result "1-0"]
[WhiteElo "2480"]
[BlackElo "2270"]
[PlyCount "31"]
[EventDate "1993.10.??"]
[Source "www.chesslib.no"]
[SourceDate "2004.05.04"]

1. e4 e6 2. d4 d5 3. Nd2 Nc6 4. c3 Nh6 5. Ngf3 Be7 6. Bd3 f5 7. exd5 exd5 8. Nf1 Nf7 9. Ne3 g6 10. Qb3 O-O 11. Qxd5 Qe8 12. O-O b6 13. Re1 Rb8 14. b4 Ncd8 15. Qb3 Bb7 16. Nd5 1-0

[Event "Geneve op"]
[Site "Geneve"]
[Date "1995.??.??"]
[Round "6"]
[White "Anka, Emil"]
[Black "Vojko, Zorman"]
[Result "0-1"]
[WhiteElo "2410"]
[BlackElo "2335"]
[PlyCount "82"]
[EventDate "1995.??.??"]
[Source "ChessBase"]

1. e4 e6 2. d4 d5 3. Nd2 Nc6 4. Ngf3 g6 5. Bb5 Nge7 6. O-O Bg7 7. c3 O-O 8. e5 Bd7 9. Qe2 Nf5 10. Nb3 b6 11. Bg5 Qe8 12. Bd3 h6 13. Bf6 Bxf6 14. exf6 Qd8 15. Ne5 Be8 16. Bb5 Nb8 17. Bxe8 Rxe8 18. g4 Nd6 19. Qe3 Qxf6 20. Qxh6 Qg7 21. Qe3 f6 22. Nd3 Nd7 23. f4 Nc4 24. Qf2 e5 25. Rae1 e4 26. Nb4 Qf7 27. a4 a5 28. Na2 f5 29. g5 Nf8 30. Qc2 Ne6 31. Nd2 Nd6 32. Nc1 c5 33. Ne2 Qc7 34. Qb3 Qc6 35. Rc1 c4 36. Qc2 Re7 37. Rfe1 Rh7 38. Ra1 Rh4 39. Rf1 Qc7 40. Qc1 Qh7 41. Ng3 Rxh2 0-1

[Event "Martinez Acosta mem-B corr"]
[Site "?"]
[Date "1995.??.??"]
[Round "?"]
[White "Morais, Gustavo J.F.S"]
[Black "Frank, Mario Alberto"]
[Result "1/2-1/2"]
[WhiteElo "2435"]
[BlackElo "2310"]
[PlyCount "40"]
[EventDate "1995.??.??"]
[Source "www.chesslib.no"]
[SourceDate "2004.05.04"]

1. e4 e6 2. d4 d5 3. Nd2 Nc6 4. c3 e5 5. exd5 Qxd5 6. Ngf3 exd4 7. Bc4 Qh5 8. cxd4 Be6 9. Bxe6 fxe6 10. O-O O-O-O 11. Qe2 Nf6 12. Qxe6+ Kb8 13. Ne4 Nxe4 14. Qxe4 Bd6 15. Be3 Rhf8 16. Qh4 Qxh4 17. Nxh4 Be7 18. Nf3 Bf6 19. Rfd1 Rd5 20. Rac1 Rfd8 1/2-1/2